000 00845cam a22002651 4500
001 2856
003 FISKH
005 20240117155701.0
008 850920r1967 pau j 000 1 eng
010 _a 67019264
020 _a0435121901
040 _aDLC
_cDLC
_dDLC
_beng
042 _alcac
050 0 0 _aPZ7.B33
_bHan2
082 0 0 _a[Fic]
100 1 _aBawden, Nina,
_d1925-2012.
245 1 2 _aA handful of thieves /
_cby Nina Bawden
250 _aThis edition published in 1974
260 _aLondon :
_bHeinemann,
_c1967
300 _a127 pages :
_c20 cm
520 _aWhen a confidence man disappears with Fred's grandmother's savings, the five children of the committee set out to find the man and recover the money.
650 _aMystery
_vFiction
906 _a7
_bcbc
_corignew
_du
_eocip
_f19
_gy-gencatlg
942 _2ddc
_cBK
_n0
999 _c2856
_d2856